00384nam a22001457a 4500003000500000020000800005038001100013082001300024100002600037245004400063260003400107300001300141880004400154880004000198NUST qH/B awaseem a104bABD aAbdul Hakeem, Khalifa aDastan-e-Danish /cKhalifa Abdul Hakeem aLahore :bAkram Press,c2010. a256 p. ; 6100-01\raخلیفہ عبدالحکیم 6245-02\raداستانِ دانش /